000 00316nam a22001457a 4500
008 231013b ||||| |||| 00| 0 eng d
020 _a9780534505851
041 _aeng
080 _a101
082 _a101KOO
100 _a44
101 _aFILOZO
245 _aTHE THINKING READER
_cKOOBATIAN.J
942 _2udc
_cBK
999 _c60447
_d60447